| 000 | 00000nam##2200000za#4500 |
| 001 | 9.697426 |
| 003 | CaOODSP |
| 005 | 20210624235457 |
| 007 | cr ||||||||||| |
| 008 | 150407|2000||||xxc|||||o f|0| 0 eng|d |
| 040 | |aCaOODSP|beng |
| 043 | |an-cn--- |
| 086 | 1 |aA15-2025/2000E-PDF |
| 110 | 1 |aCanada. |bAgriculture and Agri-Food Canada. |bResearch Branch. |
| 245 | 10|aEarth tones--the book : |h[electronic resource]|bfederal science for sustainable development / |cprepared by Strategic Promotion. |
| 260 | |aOttawa - Ontario : |bAgriculture and Agri-Food Canada. |c2000. |
| 300 | |a32p.|bphotographs |
| 500 | |aHistorical publication digitized by Agriculture and Agri-Food Canada. |
| 590 | |a13-17-Supp|b2013-07-25 |
| 690 | 07|aPollutants|2gcpds |
| 690 | 07|aSustainable development|2gcpds |
| 775 | 08|tPlanète vivante--sur papier : |w(CaOODSP)9.641926 |
| 776 | 0#|tEarth Tones... the book : |w(CaOODSP)9.647623 |
| 856 | 40|ahttp://publications.gc.ca|qPDF|s2.07 MB|uhttps://publications.gc.ca/collections/collection_2013/aac-aafc/agrhist/A15-2025-2000-eng.pdf |
| 986 | |a2025 |